| 000 | 01896nam0a2200325 4500 | ||
|---|---|---|---|
| 001 | RU\NLR\bibl\72891 | ||
| 005 | 20260407053001.0 | ||
| 021 |
_aRU _b1999-47722 _92357 |
||
| 035 | _a(NLR Aleph) 000071124 | ||
| 090 |
_a392244 _c392244 |
||
| 100 | _a20000302d1999 |||y0rusy50 ca | ||
| 101 | 0 | _arus | |
| 102 | _aRU | ||
| 105 | _ay ||||||||| | ||
| 200 | 1 |
_aУчебно-методические материалы по специальности "Дирижирование народным хором" _e[Для студентов, аспирантов, преподавателей фак. нац. культуры и муз. вузов _eСб.] _fМ-во общ. и проф. образования РФ, Морд. гос. ун-т им. Н.П. Огарева. Фак. нац. культуры. Каф. нар. музыки _g[Сост. и отв. ред. Л.Б. Бояркина, доц., лауреат Гос. премии РМ] |
|
| 210 |
_aСаранск _cМорд. гос. ун-т _d1999 |
||
| 215 |
_a324 с. _d21 |
||
| 320 | _aБиблиогр. в конце ст. | ||
| 606 | 0 |
_aДирижирование хором _jСборники _xМетодика преподавания _91098033 _3RU\NLR\auth\66431895 |
|
| 606 | 0 |
_aДирижирование хором _jМетодические пособия _xПреподавание _92153406 _3RU\NLR\auth\661296578 |
|
| 686 | _aЩ310.714.1-7я43 | ||
| 686 | _aЧ489.726 | ||
| 702 | 1 |
_aБояркина _bЛ. Б. _gЛюдмила Борисовна _4220 |
|
| 712 | 0 | 2 |
_4570 _aМордовский государственный университет им. Н. П. Огарева _cСаранск _bКафедра народной музыки _3RU\NLR\AUTH\8810022797 _9543610 |
| 801 | 0 |
_aRU _bNLR _c20000302 _gPSBO |
|
| 801 | 1 |
_aRU _bNLR _c20000302 |
|
| 852 |
_aNLR _j99-3/19811 |
||
| 942 | _cBOOK | ||
| 980 | _aNB | ||